000 00218 a2200097 4500
001 19958
100 _aLipschutz, S
245 _aTheory & problems of finite maths
260 _a
_bMcgraw-Hill
_c
090 _c14567
_d14567
942 _aNUST-CAE
_cM
_c5077
999 _c255031
_d255031